Normal view
MARC view
Entry Uniform Title
001 - CONTROL NUMBER
- control field: 35518
003 - CONTROL NUMBER IDENTIFIER
- control field: dpl
005 - DATE AND TIME OF LATEST TRANSACTION
- control field: 20111014123337.0
008 - FIXED-LENGTH DATA ELEMENTS
- fixed length control field: 111014|||a|||||| | ||| d
040 ## - CATALOGING SOURCE
- Original cataloging agency: dpl
- Transcribing agency: dpl
130 ## - HEADING--UNIFORM TITLE
- Uniform title: Library in India series,8
- Form subdivision: 8
670 ## - SOURCE DATA FOUND
- Source citation: Work cat.: (dpl): Kumar, P.S.G. 35517, Library movement and Library Development in Delhi & Chandigarh /, 2010
670 ## - SOURCE DATA FOUND
- Source citation: Work cat.: (dpl): Kumar, P.S.G. 35517, Library movement and Library Development in Delhi & Chandigarh /, 2010
